=LDR 00000nam 2200000 4500 =001 INLIS000000000013204 =005 20130612104631 =008 ***********************************Ind** =035 ##$$a0010-061300000013204 =041 ##$$a Ind =082 ##$$a 658 =090 ##$$a 658, Has m =100 ##$$a Hasibuan, Malayu S.P.H =245 ##$$a Manajemen dasar,pengertian,dan masalah, H.Malayu S.P.Hasibuan =260 ##$$a 2004 $b Jakarta =300 ##$$a 266 hlm, ilus, 21 cm =650 ##$$a Manajemen =850 ##$$a NBPNMAT =990 ##$$a 21400613/BPAP-NTB/20142014 =990 ##$$a 1270012700 =990 ##$$a 01201712700 =990 ##$$a 21400613/BPAP-NTB/20142014 =990 ##$$a 18881888